Normal view MARC view

Entry Personal Name

Number of records used in: 2

001 - CONTROL NUMBER

  • control field: 83408

003 - CONTROL NUMBER IDENTIFIER

  • control field: dpl

005 - DATE AND TIME OF LATEST TRANSACTION

  • control field: 20250728123414.0

008 - FIXED-LENGTH DATA ELEMENTS

  • fixed length control field: 250728|| aca||aabn | a|a d

040 ## - CATALOGING SOURCE

  • Original cataloging agency: dpl
  • Transcribing agency: dpl

100 ## - HEADING--PERSONAL NAME

  • Personal name: कर्नाटक, दिनेश

670 ## - SOURCE DATA FOUND

  • Source citation: Work cat.: (dpl)212666: कर्नाटक, दिनेश, शिक्षा में बदलाव की चुनोतियाँ/, अगस्त 2022

© Delhi Public Library
Hit Counter
free hit counter